000 00826nam a2200217 a 4500
001 000027179
005 20200930030643.0
008 110330s1986 dr ac 001 0bspa d
040 _aDO-SdBNP
_bspa
_cBNPHU
082 _a922.6411
_bR353c
100 1 _aCochrane, J. R.
_954245
245 1 0 _a"Un dominicano que parece escoces" Duncan M. Reid /
_cJ. R. Cochrane.
260 _aSanto Domingo :
_bEducativa dominicana,
_c1986.
300 _a242 p. :
_bil., retrs. ;
_c21 cm.
505 0 _gPrólogo --
_tBosquejo biográfico de Mr Reid --
_tSermones de Mr. Reid --
_tMensajes de Mr. Reid.
600 1 4 _aREID, DUNCAN McCUNN,
_d1897-1985
_954246
650 4 _aMisioneros
_zRepública Dominicana
_91771
650 4 _aEvangelicalismo
_xHistoria
_zRepública Dominicana
_91770
910 _aValidado. Control de calidad EMS
049 _aBNPD
999 _c26671
_d26671